MARC
| LEADER | 00000nam a22000007a 4500 | ||
|---|---|---|---|
| 003 | cru CIDCAC/IIS | ||
| 005 | 20231124152206.0 | ||
| 008 | 231124b |||||||| |||| 00| 0 spa d | ||
| 040 | |c cru CIDCAC/IIS | ||
| 090 | |a REV1378 | ||
| 245 | 3 | |a El BID / |c Banco Interamericano de Desarrollo | |
| 260 | |a Estados Unidos: |b El BID, |c 1974- | ||
| 500 | |a EXISTENCIAS : 1982 9 (7-10) 1983 10 (1-12) 1984 11 (1-9, 12) 1985 12 (1-3, 5-8, 12) 1986 13 (1-4, 8-11) 1987 (jun.-dic.) 1988 (ene.-nov.) 1989 (ene.-dic) 1990 (ene.-dic.) 1991 (ene-ago., nov.-dic.) 1992 (ene., abr.,may.-jun., ago., nov.) 1993 (ene., feb., nov.) 1994 (ene.-feb., mar., extra) 1995 (jun.- nov.*-dic.) 1996 (mar.-abr., jun.-jul., set.-oct.) 1997 (mar.-oct., dic.) | ||
| 500 | |a ANTES SE LLAMO NOTICIAS DEL BID. A partir de 1987 "El Bid" sin numeración | ||
| 650 | 0 | |a CIENCIA Y TECNOLOGIA |9 1732 | |
| 650 | 0 | |2 TESAUROS | |
| 650 | 0 | |a POBREZA |9 284 | |
| 650 | 0 | |a SIDA |9 2225 | |
| 650 | 0 | |a CREDITO |2 TESAUROS |9 4683 | |
| 650 | 0 | |a ECOLOGIA |2 TESAUROS |9 2020 | |
| 942 | |2 ddc |c PP | ||
| 999 | |c 45361 |d 45361 | ||
